00280nam a22001097a 4500040000900000082001800009100001600027245004700043260003100090300003100121700001800152 cNUST a629.2293bDEN aDenton, Tom aElectric and Hybrid Vehicles /cTom Denton aOxon :bRoutledge ,c2024. a246p; ,bPaperback,c24cm. aPells, Hayley